[Event "Dulles Cherry Blossom op 10th"]
[Site "Dulles"]
[Date "2023.05.28"]
[Round "6"]
[White "Druska, Juraj"]
[Black "Sinha, Sahil"]
[Result "1/2-1/2"]
[WhiteElo "2496"]
[BlackElo "2317"]
[PlyCount "97"]
[EventDate "2023.05.24"]
[EventType "swiss"]
[EventRounds "9"]
[EventCountry "USA"]
[SourceTitle "CBM 214 Extra"]
[Source "ChessBase"]
[SourceDate "2023.07.31"]
[SourceVersion "1"]
[SourceVersionDate "2023.07.31"]
[SourceQuality "1"]

1. e4 c5 2. Nf3 d6 3. d4 cxd4 4. Qxd4 a6 5. h3 Nc6 6. Qe3 g6 7. Be2 Bg7 8. c4 Nf6 9. 0-0 0-0 10. Nc3 b6 11. Rd1 Nd7 12. b3 Bb7 13. Bb2 Nc5 14. Rab1 a5 15. Nd5 f6 16. Nh2 e6 17. Nc3 Qe7 18. Nb5 Rad8 19. Rd2 Ne5 20. f3 f5 21. exf5 exf5 22. Kh1 f4 23. Qf2 d5 24. cxd5 Bxd5 25. Rbd1 Bc6 26. Ng4 Nxg4 27. Bc4+ Bd5 28. Bxd5+ Rxd5 29. hxg4 Nd3 30. Rxd3 Rxd3 31. Rxd3 Bxb2 32. Rd1 Rd8 33. Rxd8+ Qxd8 34. Qe2 Qf6 35. Kg1 Bd4+ 36. Nxd4 Qxd4+ 37. Kh2 Kf7 38. Qc2 Kf6 39. Qc6+ Kg5 40. Qc7 h5 41. gxh5 Kxh5 42. Kh3 Kg5 43. Qe7+ Kf5 44. Qf8+ Kg5 45. Qc8 Qf6 46. Qg4+ Kh6 47. Qd7 Qg5 48. Kh2 Qg3+ 49. Kh1 1/2-1/2

[Event "Dulles Cherry Blossom op 10th"]
[Site "Dulles"]
[Date "2023.05.25"]
[Round "2"]
[White "Sinha, Sahil"]
[Black "Kantor, Gergely"]
[Result "1/2-1/2"]
[WhiteElo "2317"]
[BlackElo "2535"]
[PlyCount "44"]
[EventDate "2023.05.24"]
[EventType "swiss"]
[EventRounds "9"]
[EventCountry "USA"]
[SourceTitle "CBM 214 Extra"]
[Source "ChessBase"]
[SourceDate "2023.07.31"]
[SourceVersion "1"]
[SourceVersionDate "2023.07.31"]
[SourceQuality "1"]

1. d4 Nf6 2. c4 e6 3. Nc3 Bb4 4. Qc2 0-0 5. Nf3 d6 6. Bd2 c5 7. a3 Bxc3 8. Bxc3 cxd4 9. Nxd4 e5 10. Nf3 Qc7 11. e3 a5 12. Be2 Bg4 13. Rd1 Nbd7 14. h3 Bh5 15. 0-0 Rfc8 16. Rc1 Bg6 17. Qd1 h6 18. b4 axb4 19. axb4 Ra2 20. Ra1 Rca8 21. Qb3 Rxa1 22. Rxa1 Rxa1+ 1/2-1/2

[Event "Dulles Cherry Blossom op"]
[Site "Dulles"]
[Date "2022.05.26"]
[Round "1"]
[White "Prem, Pranav"]
[Black "Sinha, Sahil"]
[Result "0-1"]
[WhiteElo "2017"]
[BlackElo "2323"]
[PlyCount "74"]
[EventDate "2022.05.26"]
[EventType "swiss"]
[EventRounds "9"]
[EventCountry "USA"]
[SourceTitle "CBM 208 Extra"]
[Source "ChessBase"]
[SourceDate "2022.07.31"]
[SourceVersion "1"]
[SourceVersionDate "2022.07.31"]
[SourceQuality "1"]

1. d4 Nf6 2. c4 e6 3. Nf3 b6 4. g3 Bb7 5. Bg2 Be7 6. 0-0 0-0 7. Nc3 Ne4 8. Qc2 Nxc3 9. Qxc3 f5 10. Rd1 Bf6 11. Qb3 Be4 12. Bd2 Qe7 13. Qe3 d6 14. Bc3 Nd7 15. Qd2 g5 16. Ne1 Bxg2 17. Nxg2 Rae8 18. Qd3 Qg7 19. Kh1 c5 20. e3 Rd8 21. Rac1 Qf7 22. Rf1 Bg7 23. f4 h6 24. Rcd1 Qh5 25. Ne1 Nf6 26. Nf3 Ne4 27. Kg1 d5 28. cxd5 Rxd5 29. Qc4 Rfd8 30. Rde1 b5 31. Qe2 b4 32. Bd2 g4 33. Ne5 Bxe5 34. fxe5 cxd4 35. exd4 Rxd4 36. Be3 Rd2 37. Bxd2 Rxd2 0-1

[Event "Pan American Intercollegiate-chT"]
[Site "Dulles"]
[Date "2022.01.08"]
[Round "5.1"]
[White "Sinha, Sahil"]
[Black "Quesada Perez, Yuniesky"]
[Result "1/2-1/2"]
[WhiteElo "2321"]
[BlackElo "2600"]
[PlyCount "100"]
[EventDate "2022.01.06"]
[EventType "team-swiss"]
[EventRounds "6"]
[EventCountry "USA"]
[SourceTitle "EXT 2023"]
[Source "ChessBase"]
[SourceDate "2022.10.05"]
[SourceVersion "1"]
[SourceVersionDate "2022.10.05"]
[SourceQuality "1"]
[WhiteTeam "Maryland Honors Univ"]
[BlackTeam "Webster Univ II"]
[WhiteTeamCountry "USA"]
[BlackTeamCountry "USA"]

1. d4 Nf6 2. c4 e6 3. Nf3 d5 4. Nc3 a6 5. cxd5 exd5 6. Bg5 Be6 7. e3 Nbd7 8. Bd3 h6 9. Bf4 g5 10. Bg3 Nh5 11. Qc2 Nxg3 12. hxg3 Bg7 13. Rc1 c6 14. a3 0-0 15. Bh7+ Kh8 16. Bf5 Qf6 17. g4 Bxf5 18. Qxf5 Qxf5 19. gxf5 g4 20. Nh2 Nf6 21. Nf1 Rg8 22. Ng3 Bf8 23. Nce2 Re8 24. Kd2 Kh7 25. Nf4 Rg5 26. Rh4 Ne4+ 27. Nxe4 dxe4 28. Rh5 Rg8 29. Rch1 g3 30. fxg3 Rxg3 31. R5h2 Rg5 32. Rh5 Rxh5 33. Nxh5 Be7 34. Rh3 Bg5 35. Ng3 Kg7 36. b4 Re7 37. Rh1 Kf8 38. Ke2 Ke8 39. Nf1 Kd7 40. Nd2 Re8 41. g4 Kc7 42. Nc4 f6 43. Kf2 Rd8 44. Ke2 Rg8 45. Nd2 Re8 46. Kf2 Kd6 47. Nc4+ Kc7 48. Ke2 Rg8 49. Nd2 Re8 50. Kf2 Kd6 1/2-1/2

[Event "US Masters"]
[Site "Charlotte"]
[Date "2021.11.25"]
[Round "2"]
[White "Sinha, Sahil"]
[Black "Kaidanov, Gregory S"]
[Result "0-1"]
[WhiteElo "2349"]
[BlackElo "2566"]
[PlyCount "204"]
[EventDate "2021.11.24"]
[EventType "swiss"]
[EventRounds "9"]
[EventCountry "USA"]
[SourceTitle "CBM 205 Extra"]
[Source "ChessBase"]
[SourceDate "2022.01.31"]
[SourceVersion "1"]
[SourceVersionDate "2022.01.31"]
[SourceQuality "1"]

1. d4 d5 2. c4 e6 3. Nf3 Nf6 4. Nc3 c6 5. e3 Nbd7 6. Qc2 Bd6 7. b3 0-0 8. Bb2 e5 9. cxd5 cxd5 10. dxe5 Nxe5 11. Be2 Nxf3+ 12. Bxf3 d4 13. exd4 Re8+ 14. Kf1 Qa5 15. Qd2 Bf5 16. Bxb7 Rad8 17. Kg1 Be5 18. Ne4 Qb6 19. Nxf6+ Bxf6 20. Bf3 Bxd4 21. Bxd4 Rxd4 22. Re1 Rxe1+ 23. Qxe1 Qd8 24. h3 Rd2 25. Qe3 Rxa2 26. Kh2 Qb8+ 27. g3 h6 28. Bd5 Qb6 29. Qxb6 axb6 30. Kg2 Rd2 31. Bc6 Rd6 32. Bf3 Rd3 33. g4 Be6 34. Rd1 Rxb3 35. Rd8+ Kh7 36. Bd5 Bxd5+ 37. Rxd5 g5 38. Rd7 Kg7 39. Rd6 b5 40. Rb6 b4 41. Kh2 Rb1 42. Kg2 b3 43. Kh2 f6 44. Rb7+ Kf8 45. Kg2 Ke8 46. Kf3 Kd8 47. Ke4 Kc8 48. Rb5 Re1+ 49. Kf3 Rh1 50. Ke4 Rxh3 51. f3 h5 52. gxh5 Rxh5 53. Rxb3 Rh4+ 54. Ke3 Kd7 55. Rb6 Ke7 56. Kf2 Kf7 57. Kg3 Rd4 58. Ra6 Rd3 59. Kg4 Kg6 60. Kg3 Rd1 61. Rb6 Rg1+ 62. Kf2 Rc1 63. Kg3 Rc5 64. Kg4 Rc4+ 65. Kg3 Rf4 66. Rb5 Kf7 67. Rb6 Rd4 68. Ra6 f5 69. Ra5 Kg6 70. Ra6+ Kh5 71. Ra8 Rd2 72. Rh8+ Kg6 73. Rg8+ Kh6 74. Ra8 Rd3 75. Rf8 Kg6 76. Rg8+ Kf6 77. Rf8+ Ke6 78. Kf2 Rd2+ 79. Ke3 Ra2 80. Rg8 Ra3+ 81. Ke2 Kf6 82. Rb8 Ra2+ 83. Kf1 Ke5 84. Rb4 Rd2 85. f4+ gxf4 86. Ke1 Rd4 87. Rb7 Ke4 88. Rb3 Rd3 89. Rb7 Kf3 90. Rh7 Kg2 91. Rg7+ Rg3 92. Rf7 Re3+ 93. Kd2 Re5 94. Rg7+ Kf2 95. Kd3 f3 96. Kd4 Re4+ 97. Kd3 Kf1 98. Rf7 Re5 99. Kd4 Re1 100. Rxf5 f2 101. Rf7 Ke2 102. Re7+ Kd2 0-1

[Event "Charlotte CCCSA Memorial Day GM"]
[Site "Charlotte"]
[Date "2021.05.31"]
[Round "8"]
[White "Paragua, Mark"]
[Black "Sinha, Sahil"]
[Result "1-0"]
[WhiteElo "2529"]
[BlackElo "2375"]
[PlyCount "77"]
[EventDate "2021.05.27"]
[EventType "tourn"]
[EventRounds "9"]
[EventCountry "USA"]
[EventCategory "8"]
[SourceTitle "CBM 203 Extra"]
[Source "ChessBase"]
[SourceDate "2021.09.30"]
[SourceVersion "1"]
[SourceVersionDate "2021.09.30"]
[SourceQuality "1"]

1. e4 c5 2. Nf3 d6 3. Bb5+ Nd7 4. a4 Ngf6 5. Nc3 a6 6. Be2 b6 7. d4 cxd4 8. Qxd4 Bb7 9. 0-0 e6 10. Rd1 Qc7 11. Be3 Rc8 12. Nd2 d5 13. exd5 Bc5 14. Qf4 Bd6 15. Qh4 exd5 16. Nf3 0-0 17. Bd4 Rce8 18. Bd3 Re7 19. Bf5 Ne5 20. Nxe5 Bxe5 21. f3 Rfe8 22. Bf2 g6 23. Bd3 Kg7 24. Kh1 Qd6 25. Ne2 Nh5 26. Bd4 Kg8 27. c3 Bxd4 28. Nxd4 Nf4 29. Bf1 f6 30. Qf2 Ne6 31. Nc2 Qc5 32. Qd2 Nc7 33. Rac1 Bc6 34. b3 a5 35. Nd4 Bb7 36. Qf4 Kg7 37. b4 axb4 38. cxb4 g5 39. Qd2 1-0

[Event "Charlotte CCCSA Memorial Day GM"]
[Site "Charlotte"]
[Date "2021.05.29"]
[Round "5"]
[White "Sinha, Sahil"]
[Black "Guo, Arthur"]
[Result "1/2-1/2"]
[WhiteElo "2375"]
[BlackElo "2359"]
[PlyCount "76"]
[EventDate "2021.05.27"]
[EventType "tourn"]
[EventRounds "9"]
[EventCountry "USA"]
[EventCategory "8"]
[SourceTitle "CBM 203 Extra"]
[Source "ChessBase"]
[SourceDate "2021.09.30"]
[SourceVersion "1"]
[SourceVersionDate "2021.09.30"]
[SourceQuality "1"]

1. d4 Nf6 2. c4 e6 3. Nc3 Bb4 4. Qc2 d5 5. cxd5 exd5 6. Bg5 h6 7. Bh4 0-0 8. e3 c5 9. dxc5 Be6 10. Nf3 Nbd7 11. a3 Bxc3+ 12. Qxc3 g5 13. Bg3 Ne4 14. Qd4 Ndxc5 15. Rd1 Rc8 16. b4 Na4 17. Bd3 Qb6 18. Qxb6 Nxb6 19. Nd4 Nc4 20. Bxc4 dxc4 21. f3 Nc3 22. Rc1 Na4 23. h4 Bd7 24. hxg5 hxg5 25. Ke2 Kg7 26. Rh5 f6 27. Rch1 Rh8 28. Rxg5+ fxg5 29. Be5+ Kg6 30. Bxh8 c3 31. Be5 Nb2 32. Bg3 c2 33. Rc1 Ba4 34. Be5 Nc4 35. f4 gxf4 36. exf4 Nxe5 37. fxe5 Rc3 38. Kd2 Rg3 1/2-1/2

[Event "Charlotte CCCSA Memorial Day GM"]
[Site "Charlotte"]
[Date "2021.05.27"]
[Round "1"]
[White "Sinha, Sahil"]
[Black "Prohaszka, Peter"]
[Result "0-1"]
[WhiteElo "2375"]
[BlackElo "2567"]
[PlyCount "96"]
[EventDate "2021.05.27"]
[EventType "tourn"]
[EventRounds "9"]
[EventCountry "USA"]
[EventCategory "8"]
[SourceTitle "CBM 203 Extra"]
[Source "ChessBase"]
[SourceDate "2021.09.30"]
[SourceVersion "1"]
[SourceVersionDate "2021.09.30"]
[SourceQuality "1"]

1. d4 d5 2. c4 e6 3. Nf3 Nf6 4. Nc3 a6 5. cxd5 exd5 6. Bg5 Be6 7. e3 Nbd7 8. Bd3 Bd6 9. 0-0 c6 10. Qc2 Qc7 11. Bh4 Bg4 12. Bg3 0-0 13. Nh4 Bxg3 14. hxg3 Rfe8 15. Rac1 Qd6 16. a3 Rac8 17. Na4 Ne4 18. Nf3 Qh6 19. Bxe4 dxe4 20. Nh2 Be6 21. Nc5 Nxc5 22. Qxc5 Bd5 23. Ng4 Qe6 24. Nh2 Rcd8 25. Rfe1 Qg6 26. g4 Qg5 27. Qa5 Rd7 28. Qd2 Rde7 29. Qe2 Re6 30. Rc5 Qh4 31. g3 Qg5 32. Kg2 Rf6 33. Rh1 Rg6 34. a4 Rf8 35. a5 f5 36. gxf5 Rxf5 37. b4 h5 38. Rg1 Rgf6 39. Rc2 Rf3 40. Nf1 h4 41. Rh1 Rg6 42. Qe1 Qf6 43. Rh2 Rg4 44. Rc5 hxg3 45. Nxg3 Rfxg3+ 46. fxg3 Qf3+ 47. Kh3 Rg6 48. Rxd5 Rh6+ 0-1

[Event "Charlotte CCCSA Spring GM"]
[Site "Charlotte"]
[Date "2021.03.19"]
[Round "4"]
[White "Belous, Vladimir"]
[Black "Sinha, Sahil"]
[Result "1-0"]
[WhiteElo "2521"]
[BlackElo "2353"]
[PlyCount "61"]
[EventDate "2021.03.17"]
[EventType "tourn"]
[EventRounds "9"]
[EventCountry "USA"]
[EventCategory "8"]
[SourceTitle "CBM 201 Extra"]
[Source "ChessBase"]
[SourceDate "2021.05.31"]
[SourceVersion "1"]
[SourceVersionDate "2021.05.31"]
[SourceQuality "1"]

1. d4 Nf6 2. c4 e6 3. Nc3 Bb4 4. f3 d5 5. a3 Bxc3+ 6. bxc3 0-0 7. cxd5 exd5 8. e3 c5 9. Bd3 b6 10. Ne2 Ba6 11. Bxa6 Nxa6 12. 0-0 Re8 13. Ng3 Nc7 14. Ra2 Qd7 15. Raf2 h5 16. e4 g6 17. e5 h4 18. exf6 hxg3 19. hxg3 Re6 20. Bg5 Nb5 21. f4 Re4 22. f5 Nxc3 23. Qd3 cxd4 24. g4 Qe8 25. fxg6 Re3 26. gxf7+ Qxf7 27. Bxe3 dxe3 28. Qxe3 Ne4 29. Rf5 Rc8 30. Qh6 Rc6 31. Rh5 1-0

[Event "Charlotte CCCSA Spring GM"]
[Site "Charlotte"]
[Date "2021.03.18"]
[Round "2"]
[White "Ostrovskiy, Aleksandr A"]
[Black "Sinha, Sahil"]
[Result "1/2-1/2"]
[WhiteElo "2431"]
[BlackElo "2353"]
[PlyCount "42"]
[EventDate "2021.03.17"]
[EventType "tourn"]
[EventRounds "9"]
[EventCountry "USA"]
[EventCategory "8"]
[SourceTitle "CBM 201 Extra"]
[Source "ChessBase"]
[SourceDate "2021.05.31"]
[SourceVersion "1"]
[SourceVersionDate "2021.05.31"]
[SourceQuality "1"]

1. e4 c5 2. Nf3 d6 3. Bb5+ Nd7 4. a4 a6 5. Be2 Ngf6 6. Nc3 b6 7. d4 cxd4 8. Qxd4 Bb7 9. 0-0 e6 10. Rd1 Qc7 11. Be3 Be7 12. Nd2 d5 13. exd5 Bc5 14. Qf4 Bd6 15. Qh4 Nxd5 16. Nxd5 Bxd5 17. Nc4 Bc5 18. Qf4 Qxf4 19. Bxf4 Ke7 20. Ne5 Nxe5 21. Bxe5 Rhd8 1/2-1/2

[Event "Charlotte CCCSA Spring GM"]
[Site "Charlotte"]
[Date "2021.03.17"]
[Round "1"]
[White "Sinha, Sahil"]
[Black "Hilby, Craig"]
[Result "1-0"]
[WhiteElo "2353"]
[BlackElo "2454"]
[PlyCount "69"]
[EventDate "2021.03.17"]
[EventType "tourn"]
[EventRounds "9"]
[EventCountry "USA"]
[EventCategory "8"]
[SourceTitle "CBM 201 Extra"]
[Source "ChessBase"]
[SourceDate "2021.05.31"]
[SourceVersion "1"]
[SourceVersionDate "2021.05.31"]
[SourceQuality "1"]

1. d4 d5 2. c4 e6 3. Nc3 c6 4. e3 Nf6 5. Nf3 Nbd7 6. Qc2 Bd6 7. b3 0-0 8. Be2 b6 9. 0-0 Bb7 10. Bb2 Qe7 11. Rad1 Rad8 12. Rfe1 Rfe8 13. h3 c5 14. Ba1 a6 15. Qb2 cxd4 16. exd4 Ne4 17. Nxe4 dxe4 18. Ne5 Nxe5 19. dxe5 Bc5 20. Bg4 g6 21. Rd6 Qg5 22. b4 Bxd6 23. exd6 e5 24. c5 f5 25. Bd1 f4 26. Ba4 f3 27. g3 Qh5 28. Bxe8 Qxh3 29. Qb3+ Kg7 30. Bxe5+ Kh6 31. Bf4+ g5 32. Bxg5+ Kxg5 33. Qg8+ Kf6 34. Qf7+ Ke5 35. Qg7+ 1-0

[Event "Charlotte CCCSA Winter"]
[Site "Charlotte"]
[Date "2021.02.14"]
[Round "4"]
[White "Sinha, Sahil"]
[Black "Mishra, Abhimanyu"]
[Result "1/2-1/2"]
[WhiteElo "2324"]
[BlackElo "2354"]
[PlyCount "99"]
[EventDate "2021.02.13"]
[EventType "swiss"]
[EventRounds "6"]
[EventCountry "USA"]
[SourceTitle "CBM 200 Extra"]
[Source "ChessBase"]
[SourceDate "2021.03.31"]
[SourceVersion "1"]
[SourceVersionDate "2021.03.31"]
[SourceQuality "1"]

1. d4 d5 2. c4 c6 3. Nf3 Nf6 4. Qc2 dxc4 5. Qxc4 Bf5 6. g3 e6 7. Bg2 Be7 8. 0-0 0-0 9. Rd1 Nbd7 10. e3 Rc8 11. Nc3 b5 12. Qe2 Bg6 13. Ne5 Nxe5 14. dxe5 Nd7 15. f4 Qc7 16. Ne4 Bxe4 17. Bxe4 Rfd8 18. Bd2 a6 19. Qe1 Nb6 20. Ba5 Rxd1 21. Rxd1 Qa7 22. b3 Nd5 23. Bd2 a5 24. Rc1 Ba3 25. Rc2 Nb4 26. Bxb4 Bxb4 27. Qc1 Ba3 28. Qd2 Qb6 29. Kf2 Rd8 30. Qe2 c5 31. Bd3 Qc6 32. h4 Qh1 33. Qf1 Qxf1+ 34. Bxf1 Bb4 35. Bxb5 Rd2+ 36. Rxd2 Bxd2 37. h5 Kf8 38. Kf3 Ke7 39. g4 h6 40. Bc4 f6 41. exf6+ gxf6 42. Ke4 Bc1 43. a4 Bd2 44. g5 fxg5 45. fxg5 hxg5 46. h6 Kf6 47. Kd3 Bc1 48. h7 Kg7 49. Bxe6 Kxh7 50. Bg4 1/2-1/2

[Event "Charlotte CCCSA Winter"]
[Site "Charlotte"]
[Date "2021.02.13"]
[Round "2"]
[White "Oberoi, Shelev"]
[Black "Sinha, Sahil"]
[Result "0-1"]
[WhiteElo "2161"]
[BlackElo "2324"]
[PlyCount "80"]
[EventDate "2021.02.13"]
[EventType "swiss"]
[EventRounds "6"]
[EventCountry "USA"]
[SourceTitle "CBM 200 Extra"]
[Source "ChessBase"]
[SourceDate "2021.03.31"]
[SourceVersion "1"]
[SourceVersionDate "2021.03.31"]
[SourceQuality "1"]

1. e4 c5 2. c3 Nf6 3. e5 Nd5 4. Nf3 Nc6 5. d4 cxd4 6. Bc4 Nb6 7. Bb3 d5 8. exd6 Qxd6 9. 0-0 Be6 10. Na3 dxc3 11. Nb5 Qxd1 12. Rxd1 Rc8 13. Bxe6 fxe6 14. Nxc3 h6 15. Be3 Nc4 16. Ne4 g5 17. Rac1 Nxe3 18. fxe3 Bg7 19. Nd4 Bxd4 20. Rxd4 Rf8 21. Rb4 Rc7 22. h4 gxh4 23. Ra4 Rd7 24. Nc5 Rd2 25. Nxb7 Rff2 26. Rxc6 Rxg2+ 27. Kf1 Rdf2+ 28. Ke1 Rxb2 29. Kf1 h3 30. Rc8+ Kd7 31. Rac4 Rxb7 32. R8c5 Rb1+ 33. Rc1 Rxc1+ 34. Rxc1 Rxa2 35. Kg1 a5 36. Rc5 a4 37. Ra5 a3 38. Ra6 Rg2+ 39. Kh1 a2 40. e4 Rc2 0-1

[Event "North American op 30th"]
[Site "ICC INT"]
[Date "2020.12.28"]
[Round "5"]
[White "Kogen, Jonathan S"]
[Black "Sinha, Sahil"]
[Result "0-1"]
[WhiteElo "2244"]
[BlackElo "2324"]
[PlyCount "152"]
[EventDate "2020.12.26"]
[EventType "swiss"]
[EventRounds "8"]
[EventCountry "USA"]
[SourceTitle "CBM 200 Extra"]
[Source "ChessBase"]
[SourceDate "2021.03.31"]
[SourceVersion "1"]
[SourceVersionDate "2021.03.31"]
[SourceQuality "1"]

1. d4 Nf6 2. c4 e6 3. Nc3 Bb4 4. Qc2 0-0 5. a3 Bxc3+ 6. Qxc3 d5 7. Nf3 dxc4 8. Qxc4 b6 9. Bg5 Ba6 10. Qa4 c5 11. dxc5 bxc5 12. Rc1 Qb6 13. Bxf6 gxf6 14. Rc2 Rd8 15. e3 Bxf1 16. Rxf1 Nc6 17. Ke2 Rd5 18. Rfc1 Ne7 19. e4 Rd6 20. Kf1 Rad8 21. g3 Kg7 22. Kg2 Ng6 23. Rxc5 Qxb2 24. Rc7 a6 25. R1c6 Rd3 26. Rc2 Qa1 27. Rc1 Qa2 28. R1c2 Qa1 29. Rc1 Qa2 30. R1c2 Qb1 31. Rc1 Qb2 32. R1c2 Rxa3 33. Rxb2 Rxa4 34. Ra7 Rxe4 35. Rbb7 Rf8 36. Rxa6 Kg8 37. Raa7 h5 38. h4 Ne5 39. Nxe5 Rxe5 40. Kf3 Kg7 41. Kf4 Kg6 42. Kf3 Rd5 43. Ke3 Rf5 44. Rc7 Rb5 45. Rd7 Rb2 46. Kf3 Rb3+ 47. Kg2 Rb2 48. Kf3 Rc8 49. Rac7 Ra8 50. Ra7 Rc8 51. Rac7 Ra8 52. Ra7 Rxa7 53. Rxa7 f5 54. Ra5 Kf6 55. Ke3 Rc2 56. Rb5 Ra2 57. Kf3 Ke7 58. Ke3 Ra3+ 59. Ke2 Rc3 60. Ra5 Rb3 61. Kd2 Kf6 62. Ke2 e5 63. Ra6+ Kg7 64. Ra5 f6 65. Ra7+ Kg6 66. Rc7 Rb2+ 67. Ke3 Rb4 68. Kf3 Rd4 69. Ra7 Rg4 70. Rb7 f4 71. gxf4 Rxf4+ 72. Kg3 Rg4+ 73. Kh3 Ra4 74. Kg3 Kf5 75. Rh7 Ra3+ 76. Kg2 Kg4 0-1

[Event "North American op 30th"]
[Site "ICC INT"]
[Date "2020.12.28"]
[Round "6"]
[White "Vakhidov, Jahongir"]
[Black "Sinha, Sahil"]
[Result "1/2-1/2"]
[WhiteElo "2533"]
[BlackElo "2324"]
[PlyCount "97"]
[EventDate "2020.12.26"]
[EventType "swiss"]
[EventRounds "8"]
[EventCountry "USA"]
[SourceTitle "CBM 200 Extra"]
[Source "ChessBase"]
[SourceDate "2021.03.31"]
[SourceVersion "1"]
[SourceVersionDate "2021.03.31"]
[SourceQuality "1"]

1. c4 Nf6 2. Nc3 e6 3. e4 d5 4. cxd5 exd5 5. e5 d4 6. exf6 dxc3 7. Bb5+ c6 8. Qe2+ Be6 9. Bc4 Qxf6 10. dxc3 Bc5 11. Nf3 0-0 12. Bxe6 fxe6 13. 0-0 Nd7 14. Re1 Rae8 15. Bg5 Qg6 16. Bh4 Qg4 17. Bg3 e5 18. Qe4 Qxe4 19. Rxe4 Re7 20. Rd1 Rfe8 21. Bh4 Rf7 22. Rd2 Bb6 23. Bg3 Rfe7 24. Kf1 Bc7 25. Bh4 Rf7 26. Ng5 Rfe7 27. Nf3 Rf7 28. Ng5 Rfe7 29. Re1 Nf6 30. Ne4 Nxe4 31. Rxe4 Rf7 32. Bg3 Rfe7 33. Ke2 h6 34. h4 g6 35. h5 g5 36. Kf3 Kg7 37. Kg4 Kf6 38. Rd3 a5 39. Rf3+ Kg7 40. Rf5 b6 41. Kf3 Rf7 42. Rxf7+ Kxf7 43. Re3 Rf8 44. Ke4 Ke6 45. Rd3 Bd6 46. Rd1 Bc7 47. f3 Bd6 48. Rh1 Bc7 49. Rd1 1/2-1/2

[Event "North American op 30th"]
[Site "ICC INT"]
[Date "2020.12.27"]
[Round "3"]
[White "Sinha, Sahil"]
[Black "Han, Johnathan"]
[Result "1-0"]
[WhiteElo "2324"]
[BlackElo "1805"]
[PlyCount "61"]
[EventDate "2020.12.26"]
[EventType "swiss"]
[EventRounds "8"]
[EventCountry "USA"]
[SourceTitle "CBM 200 Extra"]
[Source "ChessBase"]
[SourceDate "2021.03.31"]
[SourceVersion "1"]
[SourceVersionDate "2021.03.31"]
[SourceQuality "1"]

1. d4 Nf6 2. c4 e6 3. Nc3 Bb4 4. Qc2 c5 5. dxc5 0-0 6. Nf3 Na6 7. g3 Nxc5 8. Bg2 Nce4 9. 0-0 Nxc3 10. bxc3 Be7 11. e4 d6 12. e5 dxe5 13. Nxe5 Qc7 14. Qe2 Bd6 15. Bf4 g5 16. c5 gxf4 17. cxd6 Qxd6 18. gxf4 Qc7 19. Rab1 Rb8 20. Qe3 b6 21. f5 Ne8 22. Nc6 Ba6 23. fxe6 fxe6 24. Qxe6+ Kh8 25. Rfd1 Rc8 26. Rd7 Qf4 27. Rxh7+ Kxh7 28. Be4+ Kh8 29. Qh3+ Kg7 30. Qh7+ Kf6 31. Qg6# 1-0

[Event "World op 48th"]
[Site "ICC INT"]
[Date "2020.08.09"]
[Round "7"]
[White "Vakhidov, Jahongir"]
[Black "Sinha, Sahil"]
[Result "1/2-1/2"]
[WhiteElo "2533"]
[BlackElo "2324"]
[PlyCount "134"]
[EventDate "2020.08.07"]
[EventType "swiss"]
[EventRounds "9"]
[EventCountry "USA"]
[SourceTitle "CBM 197 Extra"]
[Source "ChessBase"]
[SourceDate "2020.09.30"]
[SourceVersion "1"]
[SourceVersionDate "2020.09.30"]
[SourceQuality "1"]

1. c4 Nf6 2. Nc3 e6 3. e4 d5 4. cxd5 exd5 5. e5 d4 6. exf6 dxc3 7. Bb5+ c6 8. Qe2+ Be6 9. Bc4 cxd2+ 10. Bxd2 Qxf6 11. Nf3 Bc5 12. Bc3 Qg6 13. Bxe6 Qxe6 14. Qxe6+ fxe6 15. Bxg7 Rg8 16. Be5 Nd7 17. Bg3 0-0-0 18. 0-0 Bb6 19. b4 a5 20. b5 c5 21. Rfe1 Rg6 22. Nd2 Ne5 23. Rad1 Nd3 24. Nc4 Bc7 25. Re3 Rd4 26. Bxc7 Kxc7 27. b6+ Kc6 28. Nxa5+ Kxb6 29. Nb3 Nxf2 30. Rxd4 cxd4 31. Nxd4 Ng4 32. Re1 e5 33. Nf3 Re6 34. h3 Nf6 35. Nxe5 Kb5 36. Rb1+ Ka4 37. Nd3 b6 38. Rb3 Nd5 39. Kf2 Rf6+ 40. Kg3 Rc6 41. Kf3 Nc3 42. Nb2+ Ka5 43. a3 h6 44. g4 b5 45. h4 Rf6+ 46. Ke3 Re6+ 47. Kd4 Ne2+ 48. Kc5 Re5+ 49. Kd6 Re4 50. Rb4 Rxb4 51. axb4+ Kxb4 52. g5 hxg5 53. hxg5 Ng3 54. g6 Kc3 55. Nd1+ Kd2 56. Ke5 Nh5 57. Nf2 b4 58. Ne4+ Ke3 59. Nc5 Kd2 60. Kf5 Kc2 61. Kg5 Ng7 62. Kf6 Nh5+ 63. Kg5 Ng7 64. Kh6 Nf5+ 65. Kh7 b3 66. Nxb3 Kxb3 67. g7 Nxg7 1/2-1/2

[Event "PNWCC Online Masters"]
[Site "Chess.com INT"]
[Date "2020.05.24"]
[Round "4.10"]
[White "Sinha, Sahil"]
[Black "Yoo, Christopher Woojin"]
[Result "1/2-1/2"]
[WhiteElo "2324"]
[BlackElo "2455"]
[PlyCount "49"]
[EventDate "2020.05.23"]
[EventType "swiss (rapid)"]
[EventRounds "9"]
[EventCountry "USA"]
[SourceTitle "CBM 196 Extra"]
[Source "ChessBase"]
[SourceDate "2020.07.31"]
[SourceVersion "1"]
[SourceVersionDate "2020.07.31"]
[SourceQuality "1"]

1. d4 Nf6 2. c4 g6 3. Nc3 d5 4. cxd5 Nxd5 5. Bd2 Bg7 6. e4 Nxc3 7. Bxc3 0-0 8. Qd2 Nd7 9. Bd3 Nb6 10. Bc2 c5 11. d5 e6 12. Bxg7 Kxg7 13. d6 Qf6 14. Nf3 Nc4 15. Qe2 Qxb2 16. 0-0 Nxd6 17. Rab1 Qa3 18. Rfd1 Ne8 19. Ne5 b6 20. Rb3 Qa6 21. Qd2 Nf6 22. Rf3 Ng8 23. Rxf7+ Rxf7 24. Nxf7 Qb7 25. Ng5 1/2-1/2

[Event "PNWCC Online Masters"]
[Site "Chess.com INT"]
[Date "2020.05.24"]
[Round "5.19"]
[White "Tanenbaum, Zachary Chen"]
[Black "Sinha, Sahil"]
[Result "1-0"]
[WhiteElo "2137"]
[BlackElo "2324"]
[PlyCount "115"]
[EventDate "2020.05.23"]
[EventType "swiss (rapid)"]
[EventRounds "9"]
[EventCountry "USA"]
[SourceTitle "CBM 196 Extra"]
[Source "ChessBase"]
[SourceDate "2020.07.31"]
[SourceVersion "1"]
[SourceVersionDate "2020.07.31"]
[SourceQuality "1"]

1. e4 c5 2. Nf3 d6 3. d4 cxd4 4. Nxd4 Nf6 5. Nc3 Nc6 6. Bg5 e6 7. Bb5 Bd7 8. Qd3 h6 9. Bh4 Be7 10. 0-0-0 0-0 11. Bxc6 bxc6 12. Nb3 a5 13. Bxf6 gxf6 14. Qg3+ Kh7 15. Rxd6 Rg8 16. Qd3 Bxd6 17. Qxd6 Ra7 18. Rd1 Qc7 19. Qe7 Be8 20. Qxf6 Rxg2 21. e5 c5 22. Ne4 Rg6 23. Qf4 f5 24. Nd6 Rg8 25. Qc4 Bd7 26. Nxc5 Rg4 27. f4 Rxf4 28. Qxf4 Qxc5 29. Qg3 Rc7 30. c3 Qb4 31. Rg1 Qg4 32. Qxg4 fxg4 33. Rxg4 h5 34. Rg5 Kh6 35. h4 Bc6 36. Kd2 a4 37. c4 Ra7 38. Kc3 Ra8 39. Kd4 Rf8 40. Kc5 Bd7 41. Rg2 Rf3 42. Kb6 a3 43. b3 Rf8 44. Kc7 Be8 45. Nxe8 Rxe8 46. Kd7 Rf8 47. Kxe6 Rf1 48. Kd6 Rd1+ 49. Kc5 Re1 50. Kb4 Rxe5 51. Kxa3 Re3 52. c5 Rc3 53. Kb4 Rh3 54. c6 Rxh4+ 55. Kb5 Rh1 56. Rc2 Rg1 57. c7 Rg5+ 58. Kb6 1-0